000 00916nam a22002057a 4500
003 OSt
005 20241217141116.0
008 220826b ||||| |||| 00| 0 eng d
040 _cSSBUL
082 _223
_a၂၉၄.၃၄၄၃၅
100 0 _aအညတရဘိက္ခု (ဖားအောက်တောရ)။
_d၁၉၅၅ -
_q(ဦးဉာဏဂဝေသက)
_98844
245 1 0 _aနိဿရဏ ဝိမုတ္တိရသ /
_cအညတရဘိက္ခု (ဖားအောက်တောရ)။
260 _aရန်ကုန် ၊
_bပညာဉာဏ်ရောင်ပုံနှိပ်တိုက်၊
_c၂၀၀၈။
300 _a၇၈ စာမျက်နှာ ၊
_c၂၁ စင်တီ။
500 _aS-SAT: Dr. Sai Aung Tun Collection
650 _aကမ္မဋ္ဌာန်း
650 _aသတိပဋ္ဌာန်
942 _cBK
_2ddc
942 _2ddc
999 _c7567
_d7567